Writing and reporting the news. / (Record no. 3042)

MARC details
000 -LEADER
fixed length control field 01778cam a2200349 a 4500
001 - CONTROL NUMBER
control field 14694520
003 - CONTROL NUMBER IDENTIFIER
control field OSt
005 - DATE AND TIME OF LATEST TRANSACTION
control field 20210414114228.0
008 - FIXED-LENGTH DATA ELEMENTS--GENERAL INFORMATION
fixed length control field 070111s2008 nyua b 001 0 eng
010 ## - LIBRARY OF CONGRESS CONTROL NUMBER
LC control number 2007001082
020 ## - INTERNATIONAL STANDARD BOOK NUMBER
International Standard Book Number 9780195306668 (pbk.)
020 ## - INTERNATIONAL STANDARD BOOK NUMBER
International Standard Book Number 019530666X (pbk.)
035 ## - SYSTEM CONTROL NUMBER
System control number (OCoLC)ocm78071874
035 ## - SYSTEM CONTROL NUMBER
System control number (OCoLC)78071874
040 ## - CATALOGING SOURCE
Original cataloging agency DLC
Transcribing agency DLC
Modifying agency BTCTA
-- BAKER
-- C#P
-- YDXCP
-- DLC
050 00 - LIBRARY OF CONGRESS CALL NUMBER
Classification number PN4781.S775
Item number
082 00 - DEWEY DECIMAL CLASSIFICATION NUMBER
Classification number 070.4/3
Edition number 22
100 1# - MAIN ENTRY--PERSONAL NAME
Personal name Lanson, Jerry.
245 10 - TITLE STATEMENT
Title Writing and reporting the news. /
Statement of responsibility, etc. Jerry Lanson, Mitchell Stephens
250 ## - EDITION STATEMENT
Edition statement 3rd ed.
260 ## - PUBLICATION, DISTRIBUTION, ETC.
Place of publication, distribution, etc. New York :
Name of publisher, distributor, etc. Oxford University Press,
Date of publication, distribution, etc. 2008.
300 ## - PHYSICAL DESCRIPTION
Extent xix, 531 p.;
Other physical details ill.:
Dimensions 28 cm.
500 ## - GENERAL NOTE
General note Includes bibliographical references and index.
505 ## - FORMATTED CONTENTS NOTE
Formatted contents note Contents: New judgment -- Fairness -- The Language of news -- Traditional leads -- Other leads -- Attribution -- Quotations -- Information selection -- Organization -- Background and context -- Reporting in a multimedia age -- Facts -- Story origination -- Research -- Sources -- Interviewing -- Obituaries -- Meetings,speeches and press conferences -- Government and politics -- Police -- Courts -- Features -- Municipal services -- Education -- Business and labor -- Science,medicine and the environment -- Broadcast journalism -- The Basics.
650 #0 - SUBJECT ADDED ENTRY--TOPICAL TERM
Topical term or geographic name entry element Reporters and reporting.
650 #0 - SUBJECT ADDED ENTRY--TOPICAL TERM
Topical term or geographic name entry element Journalism
General subdivision Authorship.
700 1# - ADDED ENTRY--PERSONAL NAME
Personal name Stephens, Mitchell.
856 41 - ELECTRONIC LOCATION AND ACCESS
Materials specified Table of contents only
Uniform Resource Identifier <a href="http://www.loc.gov/catdir/toc/ecip078/2007001082.html">http://www.loc.gov/catdir/toc/ecip078/2007001082.html</a>
906 ## - LOCAL DATA ELEMENT F, LDF (RLIN)
a 7
b cbc
c orignew
d 1
e ecip
f 20
g y-gencatlg
942 ## - ADDED ENTRY ELEMENTS (KOHA)
Source of classification or shelving scheme Library of Congress Classification
Koha item type Books
Holdings
Withdrawn status Lost status Source of classification or shelving scheme Damaged status Not for loan Home library Current library Shelving location Date acquired Total Checkouts Full call number Barcode Date last seen Copy number Price effective from Koha item type
    Library of Congress Classification     WISCONSIN INTERNATIONAL UNIVERSITY COLLEGE, GHANA - MAIN LIBRARY WISCONSIN INTERNATIONAL UNIVERSITY COLLEGE, GHANA - MAIN LIBRARY Reference 19/06/2014   PN4781.S775 7716/143/14 19/06/2014 1 19/06/2014 Books
    Library of Congress Classification     WISCONSIN INTERNATIONAL UNIVERSITY COLLEGE, GHANA - MAIN LIBRARY WISCONSIN INTERNATIONAL UNIVERSITY COLLEGE, GHANA - MAIN LIBRARY Reference 19/06/2014   PN4781.S7751 7717/144/14 19/06/2014 2 19/06/2014 Books
    Library of Congress Classification     WISCONSIN INTERNATIONAL UNIVERSITY COLLEGE, GHANA - MAIN LIBRARY WISCONSIN INTERNATIONAL UNIVERSITY COLLEGE, GHANA - MAIN LIBRARY Reference 14/07/2015   PN4781.S7752 7936/363/15 14/07/2015 3 14/07/2015 Books

If you have any concerns or questions; kindly contact the library


© Powered by WIUC ICT DIRECTORATE